| 000 | 01302nam a2200325 a 4500 | ||
|---|---|---|---|
| 001 | 000016330 | ||
| 005 | 20241010113235.0 | ||
| 008 | 100303s1985 dr a 000 0 spa d | ||
| 040 |
_aDO-SdBNP _bspa _cBNPHU |
||
| 082 |
_a370.1 _bH557f, 1985 |
||
| 100 | 1 |
_aHernández Disla, Pablo María, _d1942- _911 |
|
| 245 | 1 | 0 |
_aFundamentos de una pedagogía científica / _cPablo Ma. Hernández Disla ; José Ulises Rutinel Domínguez. |
| 250 | _a4a. ed. | ||
| 260 |
_aSanto Domingo : _bUASD, _c1985. |
||
| 300 |
_a348 p. : _bil. ; _c22 cm. |
||
| 490 | 1 |
_aPublicaciones de la Universidad Autónoma de Santo Domingo _v394 |
|
| 490 | 1 |
_aEducación y sociedad _v25 |
|
| 500 | _aIncluye referencias bibliográficas y notas al pie de las páginas | ||
| 504 | _aBibliografía : p. 345-348 | ||
| 590 | _aInventariado, 2018/LP | ||
| 650 | 0 |
_aPedagogía _9693 |
|
| 650 | 0 |
_aEducación _xFilosofía _93186 |
|
| 650 | 4 |
_aEducación _xHistoria _97857 |
|
| 650 | 4 |
_aEducación _zRepública Dominicana _9737 |
|
| 700 | 1 | 2 |
_aRutinel Domínguez, José Ulises, _epról. _936435 |
| 710 | 1 |
_aUniversidad Autónoma de Santo Domingo _972951 |
|
| 830 | 0 |
_aPublicaciones de la Universidad Autónoma de Santo Domingo ; _n394 _936436 |
|
| 830 | 0 |
_aEducación y sociedad ; _n25 _936437 |
|
| 910 | _aValidado. Control de calidad BNPHU | ||
| 999 |
_c15865 _d15865 |
||